Personaggi di Fullmetal Alchemist Brotherhood - Statistics

Statistiche generali
  • Questo quiz è stato fatto 16 volte
  • Il punteggio medio è 19 su 62
Statistiche sulle risposte
Group Gruppo Hint Risposta % Corretto
Protagonisti principali Alphonse Elric
100%
Protagonisti principali Edward Elric
94%
Protagonisti secondari Indossa i guanti Roy Mustang
81%
Antagonisti principali Lust
75%
Antagonisti principali Gluttony
69%
Antagonisti principali Pride
69%
Protagonisti secondari Il suo vero nome è sconosciuto, è convinto di essere uno strumento di Dio Scar
69%
Protagonisti secondari Esperta meccanica Winry Rockbell
69%
Antagonisti principali Envy
63%
Antagonisti principali Greed
63%
Antagonisti principali Wrath
63%
Antagonisti principali Padre
56%
Antagonisti principali Sloth
56%
Altri personaggi Militari Alchimista nerboruto, pratica l'alchimia artistica Alex Louis Armstrong
50%
Altri personaggi Militari La "Parete Nord di Briggs" Olivier Milla Armstrong
50%
Altri personaggi Militari "Accidenti, sta anche cominciando a piovere..." Maes Hughes
44%
Altri personaggi Militari Ha la schiena bruciata Riza Hawkeye
44%
Altri personaggi Ha molti nomi, come ad esempio Mondo, Spazio, Dio, Tutto, Uno. Nell'anime è descritto come "ciò che dà agli esseri viventi la giusta disperazione per assicurarsi che non diventino presuntuosi" La Verità
38%
Altri personaggi Anziana parente dei protagonisti Pinako Rockbell
31%
Altri personaggi Militari L'alchimista intreccia-vite Shou Tucker
31%
Altri personaggi Chimere L'ex alchimista di cristallo, specializzato nella medicina Tim Marcoh
31%
Altri personaggi Parente dei protagonisti, per quanto importante non compare molto nella serie Trisha Elric
31%
Altri personaggi Il cane del personaggio sopra Alexander
25%
Altri personaggi Militari Un orso con la pettinatura da moicano Buccaneer
25%
Altri personaggi Anziana guardia del corpo del figlio dell'imperatore di Xing Foo
25%
Altri personaggi Un'insegnante dal forte temperamento Izumi Curtis
25%
Altri personaggi Militari Cavallo Jean Havoc
25%
Protagonisti secondari Un figlio dell'imperatore di Xing Ling Yao
25%
Altri personaggi Bambina molto legata al suo cane Nina Tucker
25%
Altri personaggi Un uomo molto muscoloso e dall'aspetto truce, sebbene buono e gentile Shigu Curtis
25%
Altri personaggi Van Hohenheim
25%
Altri personaggi Militari L'alchimista scarlatto Zolf J. Kimbly
25%
Altri personaggi Un ex macellaio Barry lo Squartatore
19%
Altri personaggi Convince un'intera città di essere l'emissario di una divinità Cornello
19%
Altri personaggi Militari Giocatore di scacchi, molto astuto nonostante le apparenze Grumman
19%
Altri personaggi Militari Torre Heymans Breda
19%
Altri personaggi Militari Pedone Kain Fury
19%
Altri personaggi Militari Viene processata ingiustamente Maria Ross
19%
Altri personaggi Militari Nelle sue vene scorre un quarto di sangue di Ishbar, di cui presenta la pelle scura e i caratteristici occhi rossi che nasconde con degli occhiali Miles
19%
Altri personaggi Una ladra che, al primo incontro con uno dei protagonisti, gli ruba l'orologio Paninya
19%
Altri personaggi Ragazza che si lascia ingannare dal personaggio sopra Rose
19%
Altri personaggi Militari Alfiere Vato Falman
19%
Altri personaggi Bonus Il cane di Riza Hawkeye Black Hayate
13%
Altri personaggi Militari Segretamente innamorato del personaggio sopra Denny Brosh
13%
Altri personaggi Giovane guardia del corpo del figlio dell'imperatore di Xing Lan Fan
13%
Protagonisti secondari Una figlia dell'imperatore di Xing May Chang
13%
Altri personaggi Lettrice estremamente appassionata Sheska
13%
Altri personaggi Chimere In grado di sparare aculei dalla schiena Zampano
13%
Altri personaggi Militari L'Alchimista di Ferro e Sangue Basque Grand
6%
Altri personaggi Chimere È incrociato con un gorilla Darius
6%
Altri personaggi Chimere Ha un olfatto e un udito sviluppati Dolcetto
6%
Altri personaggi Un dottore tormentato dai suoi ricordi Dr. Knox
6%
Altri personaggi Chimere È incrociato con un leone Heinkel
6%
Altri personaggi Militari Si preoccupa della sorte dei suoi compagni mandati a esplorare un tunnel Henschel
6%
Altri personaggi Chimere In grado di sputare un muco appiccicoso che intralcia i movimenti degli avversari Jelso
6%
Altri personaggi Militari L'alchimista d'argento, combatte trasmutando in armi ciò che tocca, a patto che sia solido. Joliot Comanche
6%
Altri personaggi Militari Fa parte dell'élite militare corrotta Raven
6%
Altri personaggi Militari Ex militare, vigliacco, era addetto al controllo della zona della miniera di Youswell Yoki
6%
Altri personaggi Chimere In grado di arrampicarsi agevolmente sulle pareti Bido
0%
Altri personaggi Militari L'alchimista di ghiaccio Isaac McDougal
0%
Altri personaggi Chimere È stata combinata con un serpente Martel
0%
Altri personaggi Chimere Dotato di una forza sovrumana, come arma utilizza un gigantesco martello Roa
0%
Nessun quiz corrispondente trovato
Distribuzione punteggi
Percentuale di utenti per punteggio
Percentile per numero di risposta
I tuoi punteggi nel tempo
Non hai fatto questo quiz